| 000 | 00647cab a2200193 4500 | ||
|---|---|---|---|
| 001 | WB2447-06 | ||
| 008 | 090401t1988 xxu||||| |||| 00| 0 eng d | ||
| 035 | _a(Sirsi) u76727 | ||
| 041 | _aeng | ||
| 245 | _aContract conditions | ||
| 260 | _c1988 | ||
| 350 | _a0 | ||
| 490 |
_aMunicipal Journal _v96(46) 18/11/88 p2528 |
||
| 520 | _aStandard contract conditions and documentation for competitive tendering have been published by three local authority associations, AMA , Association of County Councils and Association of District Councils. | ||
| 650 |
_aContracts _96232 |
||
| 690 | _aBUILT ENVIRONMENT | ||
| 942 | _n0 | ||
| 948 | _c04/03/1997 | ||
| 999 |
_c48208 _d48208 |
||